000 00569nam a2200181Ia 4500
003 GCL
005 20240530104322.0
008 140319s9999 xx 000 0 ara d
040 _aGCL /
_cGCL
082 0 4 _a810.91
_bا ن
100 1 _aاحمد يوسف خليفة
245 1 0 _aنشاة النقد الادبى حتى نهاية القرن الاول الهجرى /
_cاحمد يوسف خليفة
300 _a156 ص
650 0 4 _aالادب العربى
650 0 4 _aالنقد الادبى
650 0 4 _aالقرن الاول الهجرى
942 _2ddc
_cBK
999 _c46450
_d46450